000 00808nam a2200193 i 4500
001 46878
003 ES-MaACL
005 20230906161449.0
007 t|
008 030401s1961 sp ||||1| spa d
110 2 _aFalange Española Tradicionalista y de las J.O.N.S.
_bConsejo Nacional (
_n9º.
_d1961.
_cBurgos)
_9171826
245 1 0 _aIX Consejo Nacional de F.E.T. y de las J.O.N.S., (celebrado en el Monasterio de las Huelgas, Burgos, el 2 de octubre de 1961) :
_b[Decreto de constitución y discursos].
260 _a[Madrid] :
_bEdiciones del Movimiento,
_c1961.
300 _a48 p. ;
_c22 cm.
610 2 4 _aFalange Española Tradicionalista y de las J.O.N.S.
_94086
651 4 _aEspaña-
_xHistoria-
_y1955-1975.
_98337
710 2 _aEdiciones del Movimiento.
_9171800
852 _aES-MaACL
_j2032-F-16
999 _c46878
_d46878